000 00515nam a2200157 4500
001 148061
003 ES-MaACL
005 20230906202416.0
007 t|
008 070214s1926 gw r ||||1| ger d
245 0 0 _aDer Diplomatische Schriftwechsel Iswolsvais
_b: 1911-1914 /
_cherausgegeben von Friedrich Stieve.
260 _aBerlin :
_bDeutsche Verlagsgesellschaft für Politik und Geschichte,
_c1926.
300 _a4 v. ;
_c25 x 17 cm.
700 1 _aStieve, Friedrich.
_9108216
852 _aES-MaACL
_jG-5644-7
999 _c148061
_d148061